Κατάλογος Βιβλιοθηκών Mediterranean College

Accounting for Management Decisions / Second Edition (Record no. 840)

MARC details
000 -LEADER
fixed length control field 01378cam a22002174a 4500
005 - ΗΜΕΡΟΜΗΝΙΑ ΚΑΙ ΩΡΑ ΤΕΛΕΥΤΑΙΑΣ ΕΝΗΜΕΡΩΣΗΣ
Πεδίο ελέγχου 20250605163947.0
008 - FIXED-LENGTH DATA ELEMENTS--GENERAL INFORMATION
Πεδίο ελέγχου σταθερού μήκους 250528s ||||||||||||||||||||||||d
035 ## - SYSTEM CONTROL NUMBER
System control number 15247
020 ## - ISBN
ISBN 130043915
040 ## - ΠΗΓΗ ΚΑΤΑΛΟΓΟΓΡΑΦΗΣΗΣ
Φορέας πρωτότυπης καταλογογράφησης MC Athens Campus Library
Γλώσσα καταλογογράφησης Ελληνικά, Μοντέρνα (1453-)
Modifying agency MC Athens Campus Library
Κανόνες περιγραφικής καταλογογράφησης AACR2
245 1# - ΤΙΤΛΟΣ ΚΑΙ ΔΗΛΩΣΗ ΥΠΕΥΘΥΝΟΤΗΤΑΣ
Τίτλος Accounting for Management Decisions / Second Edition
250 ## - EDITION STATEMENT
Edition statement 2nd
260 ## - PUBLICATION, DISTRIBUTION, ETC.
Name of publisher, distributor, etc. Prentice Hall,
Date of publication, distribution, etc. 1990
300 ## - PHYSICAL DESCRIPTION
Extent 416
520 ## - SUMMARY, ETC.
Summary, etc. This book explains and illustrates the conceptual issues in designing and using useful management accounting systems. Preface, The Role of Management Accounting, Accounting and Decision Making, Wealth and Wealth Maximization in Decision Making, Appendix: Use of Compound Interest Tables, Risk and Uncertainty in Decision Making, Costs and Benefits for Decisions, Cost Behavior and Cost-Volume-Profit Analysis, Cost-Estimation, Pricing Decisions, Short-Term Operating Decisions and Scarce Resources: Linear Programming, Dual Prices and Opportunity Cost, Long-Term Decisions: The Net Present Value Rule, Long-Term Decisions: Internal Rate of Return and Other Methods, The Budgeting Process, The Master Budget and the Cash Budget, Variance Analysis and Standard Costing, Divisional Performance, Summary and Revie, Compounding and Discounting Tables, Index.
700 1# - ΠΡΟΣΘΕΤΗ ΑΝΑΓΡΑΦΗ--ΦΥΣΙΚΟ ΠΡΟΣΩΠΟ
Personal name Arnold John
9 (RLIN) 920
700 1# - ΠΡΟΣΘΕΤΗ ΑΝΑΓΡΑΦΗ--ΦΥΣΙΚΟ ΠΡΟΣΩΠΟ
Personal name Hope Tony
9 (RLIN) 921
942 ## - ADDED ENTRY ELEMENTS (KOHA)
Koha item type Books
Holdings
Τύπος τεκμηρίου Βιβλιοθήκη Τρέχουσα τοποθεσία Barcode Αριθμός εισαγωγής Ημερομηνία απόκτησης Ταξιθετικό σύμβολο Αριθμός αντιτύπου Κατάσταση απόσυρσης Κατάσταση χαμένου Κατάσταση κατεστραμμένου Μη δανεισμός Σύνολο δανεισμών Ημερομηνία τελευταίας εμφάνισης Η τιμή ισχύει από
Books MC Athens Campus Library MC Athens Campus Library 9780000008398 1484 05/06/2025 658.1/511 ARN 2           05/06/2025 05/06/2025

MC Athens Campus Library
Πατησίων 94 & Κοδριγκτώνος 13, 104 34
Πελλήνης 8 & Πατησίων 107, 112 51
Τ: +30 210 8899600

MC Thessaloniki Campus Library
Ίωνος Δραγούμη 21, 54625 | Ίωνος Δραγούμη 15, 54625
Τ: +30 2310 287779 – Τ: +30 2314 440300